Sudden Death: Flags with RED - Statistics

General Stats
  • This quiz has been taken 50 times
    20 since last reset
  • The average score is 6 of 12
Answers on the Grid
Answers color-coded by a green-red scale on the quiz's grid according to % correct below.
Libya
Chad
Ukraine
United States
Greece
Liberia
Cyprus
Mali
Estonia
Sweden
Bahrain
Afghanistan
Italy
Chile
Bhutan
Ireland
Kazakhstan
India
Belarus
Tanzania
Norway
Gabon
Maldives
Morocco
 
Answer Stats
Answer % Correct
United States
86%
Italy
64%
Liberia
64%
Bahrain
50%
Chad
50%
Morocco
50%
Libya
43%
Norway
43%
Belarus
36%
Chile
36%
Mali
36%
Maldives
29%
No matching quizzes found
Score Distribution
Percent of People with Each Score
Percentile by Number Answered
Your Score History
You have not taken this quiz since the last reset